Central Library OPAC University of Rajshahi

The Ideology of slavery in Africa / (Record no. 65332)

MARC details
000 -LEADER
fixed length control field 01098nam a2200289 a 4500
001 - CONTROL NUMBER
control field 65332
003 - CONTROL NUMBER IDENTIFIER
rucl marc code BD-RjUL
005 - DATE AND TIME OF LATEST TRANSACTION
control field 20211209081418.0
008 - FIXED-LENGTH DATA ELEMENTS--GENERAL INFORMATION
fixed length control field 170401s1981 caub b 100 0 eng d
020 ## - INTERNATIONAL STANDARD BOOK NUMBER
International Standard Book Number 0803916647
International Standard Book Number 0803916655 (pbk.)
035 ## - SYSTEM CONTROL NUMBER
System control number (BD-RjUL)65462
040 ## - CATALOGING SOURCE
Original cataloging agency DLC
Transcribing agency DLC
Modifying agency MYG
-- BD-RjUL
Language of cataloging eng
041 ## - LANGUAGE CODE
Language code of text/sound track or separate title eng
082 ## - DEWEY DECIMAL CLASSIFICATION NUMBER
Edition number 23
Classification number 326.96
Author mark and year IDE 1981
245 04 - TITLE STATEMENT
Title The Ideology of slavery in Africa /
Statement of responsibility, etc. Paul E. Lovejoy, editor.
260 ## - PUBLICATION, DISTRIBUTION, ETC. (IMPRINT)
Place of publication, distribution, etc. Beverly Hills :
Name of publisher, distributor, etc. Sage Publications,
Date of publication, distribution, etc. c1981.
300 ## - PHYSICAL DESCRIPTION
Pagination 311 p. :
Illustrations ill. ;
Size 23 cm.
490 1# - SERIES STATEMENT
Series statement Sage series on African modernization and development ;
Volume/sequential designation v. 6
500 ## - GENERAL NOTE
General note Papers presented at a conference held at York University, Toronto, in April 1980, sponsored by the Dept. of History.
504 ## - BIBLIOGRAPHY, ETC. NOTE
Bibliography, etc Includes bibliographies.
650 #0 - SUBJECT ADDED ENTRY--TOPICAL TERM
Topical term or geographic name as entry element Slavery
Geographic subdivision Africa
General subdivision Justification
Form subdivision Congresses.
9 (RLIN) 193372
700 1# - ADDED ENTRY--PERSONAL NAME
Personal name Lovejoy, Paul E.
710 2# - ADDED ENTRY--CORPORATE NAME
Corporate name or jurisdiction name as entry element York University (Toronto, Ont.).
Subordinate unit Department of History.
9 (RLIN) 193374
830 #0 - SERIES ADDED ENTRY--UNIFORM TITLE
Uniform title Sage series on African modernization and development ;
Volume number/sequential designation v. 6.
942 ## - ADDED ENTRY ELEMENTS (KOHA)
Source of classification or shelving scheme Dewey Decimal Classification
Koha item type Books
Holdings
Lost status Source of classification or shelving scheme Damaged status Not for loan Collection code Permanent Location Current Location Shelving location Date acquired Source of acquisition Total Checkouts Full call number Date last seen Copy number Koha item type
  Dewey Decimal Classification   Not For Loan Non-fiction Central Library, University of Rajshahi Central Library, University of Rajshahi Reading Room 09/06/1990 Asia Foundation   326.96 IDE 1981 04/03/2017 C-1 Books